000
002730000a22000970004500
100
1
_a
Conde, Rodrigo
245
1
0
_a
La globalización a la luz del pensamiento de Francisco de Vitoria
300
_a
Núm 49 (1998), Páginas 12-18
773
0
_t
Presencia Ecuménica
942
_c
ANA
999
_c
52760
_d
52760